WRC Rally Drivers 2015 - Statistics

General Stats
  • This quiz has been taken 321 times
  • The average score is 8 of 14
Answer Stats
Hint Answer % Correct
Volkswagen Sebastien Ogier
98%
Volkswagen Jari-Matti Latvala
84%
Hyundai Thierry Neuville
82%
Ford Ott Tanak
78%
Volkswagen Andreas Mikkelsen
71%
Hyundai Dani Sordo
67%
Ford Elfyn Evans
64%
Citroen Kris Meeke
62%
Hyundai Hayden Paddon
52%
Citroen Mads Ostberg
45%
Ford Robert Kubica
30%
Ford Martin Prokop
23%
Ford Lorenzo Bertelli
18%
Hyundai Kevin Abbring
17%
No matching quizzes found
Score Distribution
Percent of People with Each Score
Percentile by Number Answered
Your Score History
You have not taken this quiz